Clic A quellé époque se déroule cette bande dessinée ? - Statistiques

Statistiques générales
  • Ce quiz a été pris 13 fois
  • Le résultat moyen est 11 sur 75
Statistiques - réponses
Hint Réponse % Correct
Papyrus Antiquité
56%
Alix Antiquité
56%
Les Aigles de Rome Antiquité
56%
Alix senator Antiquité
56%
Rahan Préhistoire
56%
Vae victis ! Antiquité
44%
Astérix le Gaulois Antiquité
44%
Robin Dubois Moyen âge
44%
Néandertal Préhistoire
44%
Les Tuniques Bleues XIXe siècle
44%
Les enfants de la Résistance 2e Guerre mondiale
33%
Thorgal Moyen âge
33%
Zorro XIXe siècle
33%
La guerre des Lulus 1ère Guerre mondiale
22%
Keos Antiquité
22%
Hagar Dunor Moyen âge
22%
Chevalier ardent Moyen âge
22%
Angelot du Lac Moyen âge
22%
Le chevalier blanc Moyen âge
22%
Johan et Pirlouit Moyen âge
22%
Les tours de Bois-Maury Moyen âge
22%
Le diable rouge 1ère Guerre mondiale
11%
Godaille et Godasse 1er empire
11%
Empire 1er empire
11%
Le Grand Duc 2e Guerre mondiale
11%
Il était une fois en France 2e Guerre mondiale
11%
Murena Antiquité
11%
Jugurtha Antiquité
11%
Les Héritiers du soleil Antiquité
11%
Vasco Moyen âge
11%
Jhen Moyen âge
11%
Prince Vaillant Moyen âge
11%
Mezolith Préhistoire
11%
Tounga Préhistoire
11%
Le cri du peuple XIXe siècle
11%
Louis Riel XIXe siècle
11%
Bruce J. Hawker XIXe siècle
11%
La Belle Espérance XIXe siècle
11%
Jean des Flandres XVIe siècle
11%
Masquerouge XVIIe siècle
11%
Les passagers du vent XVIIIe siècle
11%
Giacomo C. XVIIIe siècle
11%
Tanguy et Laverdure XXe et XXIe siècle
11%
Les Frères Rubinstein XXe siècle
11%
Maus XXe siècle
11%
Le dernier Atlas XXe siècle
11%
L'Ambulance 13 1ère Guerre mondiale
0%
Les Folies Bergères 1ère Guerre mondiale
0%
Arno 1er empire
0%
La dernière cigarette 2e Guerre mondiale
0%
Le vol du corbeau 2e Guerre mondiale
0%
Gil Sinclair 2e Guerre mondiale
0%
L'Institutrice 2e Guerre mondiale
0%
Ciel en ruine 2e Guerre mondiale
0%
L'or de France 2e Guerre mondiale
0%
La dernière prophétie Antiquité
0%
Le clan des Chimères Moyen âge
0%
Le Furet Moyen âge
0%
Les Aigles décapités Moyen âge
0%
Borgia Moyen âge
0%
Carnets d'orient XIXe & XXe siècle
0%
Les chemins de Malefosse XVIe siècle
0%
Loïs XVIIe & XVIIIe siècles
0%
Les sept vies de l'Epervier XVIIe siècle
0%
Câline et Calebasse XVIIe siècle
0%
Capitan XVIIe siècle
0%
L'âme du samouraï XVIIIe siècle
0%
Les pionniers du nouveau monde XVIIIe siècle
0%
Le Scorpion XVIIIe siècle
0%
La rose écarlate XVIIIe siècle
0%
Les aventures de Buck Danny XXe et XXIe siècle
0%
Louis La Guigne XXe siècle
0%
La fille du professeur XXe siècle
0%
Mattéo XXe siècle
0%
Elise et les nouveaux partisans XXe siècle
0%
Aucun quiz correspondant
Distribution des résultats
% des personnes avec chaque résultat
Percentile par nombre de réponses
Votre historique - résultats
Vous n’avez pas pris ce quiz